UBT Library

Clinical ophthalmology : (Record no. 40126)

000 -LEADER
fixed length control field 00460cam a2200193 i 4500
001 - CONTROL NUMBER
control field 2725168
005 - DATE AND TIME OF LATEST TRANSACTION
control field 20180111081432.0
008 - FIXED-LENGTH DATA ELEMENTS--GENERAL INFORMATION
fixed length control field 770223m19769999mdu i 000 0 eng
010 ## - LIBRARY OF CONGRESS CONTROL NUMBER
LC control number 77354047
040 ## - CATALOGING SOURCE
Original cataloging agency DLC
Transcribing agency DLC
Modifying agency DLC
041 ## - LANGUAGE CODE
Language code of text/sound track or separate title eng
080 ## - UNIVERSAL DECIMAL CLASSIFICATION NUMBER
Universal Decimal Classification number 617.70006
082 00 - DEWEY DECIMAL CLASSIFICATION NUMBER
Classification number 617.70006 DUA
100 ## - Rafti
Rafti 8
101 ## - Shkurtesa
Shkurtesa OFT
245 00 - TITLE STATEMENT
Title Clinical ophthalmology :
906 ## - LOCAL DATA ELEMENT F, LDF (RLIN)
a 7
b cbc
c orignew
d 2
e ncip
f 19
g y-gencatlg
942 ## - ADDED ENTRY ELEMENTS (KOHA)
Source of classification or shelving scheme
Item type Books
Holdings
Withdrawn status Lost status Source of classification or shelving scheme Damaged status Not for loan Collection code Permanent location Current location Shelving location Date acquired Total Checkouts Full call number Barcode Date last seen Price effective from Koha item type
          Koleksioni i përgjithshem UBT - Lipjan UBT - Lipjan Koleksioni i përgjithshem 01/11/2018   617.70006 DUA 002-2995066 01/11/2018 01/11/2018 Books
          Koleksioni i përgjithshem UBT - Lipjan UBT - Lipjan Koleksioni i përgjithshem 01/11/2018   617.70006 DUA 002-2995063 01/11/2018 01/11/2018 Books
          Koleksioni i përgjithshem UBT - Lipjan UBT - Lipjan Koleksioni i përgjithshem 01/11/2018   617.70006 DUA 002-2995048 01/11/2018 01/11/2018 Books
UBT Library © 2015-2024. All rights reserved University Education for Business and Technology